[Event "MPJ_D16"]
[Site "?"]
[Date "2016.03.17"]
[Round "6.9"]
[White "Karykowska, Anna"]
[Black "Parol, Pola"]
[Result "1-0"]
[BlackElo "1893"]
[WhiteElo "1832"]
[LiveChessVersion "1.4.8"]

1. e4 {[%clk 1:30:56]} c5 {[%clk 1:30:52]} 2. Nf3 {[%clk 1:31:21]} Nc6
{[%clk 1:31:12]} 3. d4 {[%clk 1:31:47]} cxd4 {[%clk 1:31:33]} 4. Nxd4
{[%clk 1:32:13]} g6 {[%clk 1:31:54]} 5. Nc3 {[%clk 1:32:38]} Bg7 {[%clk 1:32:11]}
6. Nde2 {[%clk 1:32:24]} Nf6 {[%clk 1:31:00]} 7. g3 {[%clk 1:31:48]} O-O
{[%clk 1:30:22]} 8. Bg2 {[%clk 1:31:13]} d6 {[%clk 1:27:50]} 9. O-O
{[%clk 1:29:30]} a6 {[%clk 1:21:34]} 10. h3 {[%clk 1:22:07]} Qc7 {[%clk 1:16:52]}
11. Nd5 {[%clk 1:16:37]} Nxd5 {[%clk 1:16:08]} 12. exd5 {[%clk 1:16:46]} Ne5
{[%clk 1:14:07]} 13. Nd4 {[%clk 1:10:46]} b5 {[%clk 1:08:27]} 14. c3
{[%clk 1:05:59]} Bb7 {[%clk 1:06:30]} 15. Re1 {[%clk 1:03:42]} b4
{[%clk 0:54:07]} 16. cxb4 {[%clk 0:52:58]} Qc4 {[%clk 0:49:25]} 17. Re3
{[%clk 0:39:00]} Rab8 {[%clk 0:36:09]} 18. Nc2 {[%clk 0:33:33]} Rfc8
{[%clk 0:32:41]} 19. Rc3 {[%clk 0:29:36]} Qb5 {[%clk 0:32:26]} 20. a4
{[%clk 0:28:51]} Qd7 {[%clk 0:32:11]} 21. Nd4 {[%clk 0:26:38]} Nc4
{[%clk 0:28:12]} 22. Rc2 {[%clk 0:20:57]} Nb6 {[%clk 0:24:08]} 23. Nc6
{[%clk 0:18:54]} Ra8 {[%clk 0:20:24]} 24. Be3 {[%clk 0:16:48]} Nxd5
{[%clk 0:12:04]} 25. Qxd5 {[%clk 0:16:28]} e6 {[%clk 0:09:40]} 26. Ne7+
{[%clk 0:14:37]} Qxe7 {[%clk 0:08:12]} 27. Rxc8+ {[%clk 0:15:03]} Rxc8
{[%clk 0:08:23]} 28. Qxb7 {[%clk 0:15:28]} Rc7 {[%clk 0:06:59]} 29. Qa8+
{[%clk 0:14:44]} Bf8 {[%clk 0:06:06]} 30. Qxa6 {[%clk 0:14:00]} Qf6
{[%clk 0:06:04]} 31. Qe2 {[%clk 0:11:37]} d5 {[%clk 0:06:12]} 32. b5
{[%clk 0:10:34]} d4 {[%clk 0:05:53]} 33. b6 {[%clk 0:09:35]} Rd7 {[%clk 0:05:25]}
34. Bf4 {[%clk 0:07:25]} d3 {[%clk 0:04:45]} 35. Qd2 {[%clk 0:06:59]} e5
{[%clk 0:04:34]} 36. Be3 {[%clk 0:06:51]} Qd6 {[%clk 0:04:13]} 37. a5
{[%clk 0:04:29]} f5 {[%clk 0:03:58]} 38. b7 {[%clk 0:03:56]} e4 {[%clk 0:03:54]}
39. Bf4 {[%clk 0:04:09]} 1-0

[Event "MPJ_D16"]
[Site "?"]
[Date "2016.03.17"]
[Round "6.10"]
[White "Stebel, Agata"]
[Black "Gredka, Dominika"]
[Result "1/2-1/2"]
[BlackElo "1690"]
[WhiteElo "1856"]
[LiveChessVersion "1.4.8"]

1. d4 {[%clk 1:30:56]} e6 {[%clk 1:30:56]} 2. c4 {[%clk 1:30:46]} b6
{[%clk 1:30:58]} 3. Nc3 {[%clk 1:30:34]} Bb4 {[%clk 1:29:11]} 4. a3
{[%clk 1:28:30]} Bxc3+ {[%clk 1:29:30]} 5. bxc3 {[%clk 1:28:55]} Bb7
{[%clk 1:29:52]} 6. Nf3 {[%clk 1:28:13]} f5 {[%clk 1:26:27]} 7. Bg5
{[%clk 1:24:46]} Nf6 {[%clk 1:26:50]} 8. e3 {[%clk 1:22:19]} O-O {[%clk 1:25:57]}
9. Be2 {[%clk 1:18:49]} d6 {[%clk 1:18:47]} 10. O-O {[%clk 1:14:34]} Nbd7
{[%clk 1:15:19]} 11. Bxf6 {[%clk 1:09:12]} Nxf6 {[%clk 1:12:15]} 12. Nd2
{[%clk 1:04:46]} Qe8 {[%clk 1:01:17]} 13. Bf3 {[%clk 0:55:44]} Bxf3
{[%clk 1:00:16]} 14. Qxf3 {[%clk 0:52:08]} Qg6 {[%clk 0:51:20]} 15. Qg3
{[%clk 0:47:06]} Qe8 {[%clk 0:35:02]} 16. f3 {[%clk 0:44:17]} e5 {[%clk 0:32:54]}
17. Qf2 {[%clk 0:40:02]} Rd8 {[%clk 0:31:39]} 18. Rab1 {[%clk 0:34:45]} Qc6
{[%clk 0:23:41]} 19. Qe2 {[%clk 0:27:33]} Qe8 {[%clk 0:20:08]} 20. Rfe1
{[%clk 0:23:53]} Nd7 {[%clk 0:19:59]} 21. Nb3 {[%clk 0:22:19]} a5
{[%clk 0:18:56]} 22. Nd2 {[%clk 0:20:18]} Qe7 {[%clk 0:17:39]} 23. e4
{[%clk 0:18:27]} f4 {[%clk 0:17:10]} 24. Nf1 {[%clk 0:15:08]} Qf6
{[%clk 0:16:36]} 25. Red1 {[%clk 0:14:22]} Nb8 {[%clk 0:13:53]} 26. c5
{[%clk 0:13:31]} dxc5 {[%clk 0:10:04]} 27. dxc5 {[%clk 0:13:47]} Qc6
{[%clk 0:07:30]} 28. cxb6 {[%clk 0:11:09]} cxb6 {[%clk 0:07:53]} 29. Qa2+
{[%clk 0:09:37]} Kh8 {[%clk 0:07:39]} 30. c4 {[%clk 0:08:53]} Na6
{[%clk 0:04:56]} 31. Rd5 {[%clk 0:08:07]} Rxd5 {[%clk 0:04:02]} 32. cxd5
{[%clk 0:08:26]} Qc5+ {[%clk 0:04:13]} 33. Kh1 {[%clk 0:08:44]} b5
{[%clk 0:03:24]} 34. Qb2 {[%clk 0:07:55]} b4 {[%clk 0:02:41]} 35. axb4
{[%clk 0:07:23]} Nxb4 {[%clk 0:02:50]} 36. Qb3 {[%clk 0:06:01]} Rc8
{[%clk 0:02:20]} 37. h3 {[%clk 0:04:42]} h6 {[%clk 0:01:47]} 38. Ra1
{[%clk 0:03:18]} Qf2 {[%clk 0:01:39]} 39. Nh2 {[%clk 0:01:59]} Nc2
{[%clk 0:01:07]} 40. Rg1 {[%clk 0:31:25]} Ne3 {[%clk 0:30:58]} 41. Ng4
{[%clk 0:26:19]} Qd2 {[%clk 0:29:05]} 42. Nxh6 {[%clk 0:14:48]} Rc1
{[%clk 0:14:16]} 43. Qb8+ {[%clk 0:13:55]} Kh7 {[%clk 0:14:38]} 44. Qg8+
{[%clk 0:13:58]} Kxh6 {[%clk 0:15:03]} 45. Qh8+ {[%clk 0:13:44]} 1/2-1/2

[Event "MPJ_D16"]
[Site "?"]
[Date "2016.03.17"]
[Round "6.11"]
[White "Dwilewicz, Agata"]
[Black "Kostecka, Marika"]
[Result "1-0"]
[BlackElo "1775"]
[WhiteElo "1813"]
[LiveChessVersion "1.4.8"]

1. e4 {[%clk 1:30:58]} c5 {[%clk 1:30:47]} 2. Nf3 {[%clk 1:31:10]} d6
{[%clk 1:31:09]} 3. d4 {[%clk 1:31:37]} cxd4 {[%clk 1:31:33]} 4. Nxd4
{[%clk 1:31:40]} Nf6 {[%clk 1:31:54]} 5. Nc3 {[%clk 1:32:05]} a6 {[%clk 1:32:19]}
6. h3 {[%clk 1:31:34]} e6 {[%clk 1:30:33]} 7. g4 {[%clk 1:31:40]} d5
{[%clk 1:26:16]} 8. exd5 {[%clk 1:31:43]} Nxd5 {[%clk 1:26:30]} 9. Nde2
{[%clk 1:31:23]} Bb4 {[%clk 1:22:50]} 10. Bg2 {[%clk 1:29:56]} O-O
{[%clk 1:22:21]} 11. O-O {[%clk 1:24:19]} Nxc3 {[%clk 1:20:22]} 12. Nxc3
{[%clk 1:24:20]} Qc7 {[%clk 1:19:56]} 13. Qf3 {[%clk 1:20:33]} Nc6
{[%clk 1:06:16]} 14. Rd1 {[%clk 1:08:07]} Bxc3 {[%clk 0:44:19]} 15. Qxc3
{[%clk 1:07:49]} e5 {[%clk 0:44:30]} 16. Be3 {[%clk 1:05:38]} Be6
{[%clk 0:43:41]} 17. Qc5 {[%clk 0:58:07]} Rac8 {[%clk 0:32:43]} 18. Qb6
{[%clk 0:50:37]} Qxb6 {[%clk 0:23:36]} 19. Bxb6 {[%clk 0:50:59]} Nd4
{[%clk 0:23:59]} 20. c3 {[%clk 0:45:58]} Ne2+ {[%clk 0:24:25]} 21. Kh2
{[%clk 0:46:11]} Nf4 {[%clk 0:24:40]} 22. Bf3 {[%clk 0:43:33]} Rfe8
{[%clk 0:24:16]} 23. Rd6 {[%clk 0:37:15]} Re7 {[%clk 0:23:55]} 24. Rad1
{[%clk 0:36:45]} h6 {[%clk 0:22:41]} 25. Bd8 {[%clk 0:31:35]} Re8
{[%clk 0:21:41]} 26. Bxb7 {[%clk 0:30:58]} Rb8 {[%clk 0:22:08]} 27. Bc6
{[%clk 0:30:33]} Rf8 {[%clk 0:21:02]} 28. b3 {[%clk 0:29:58]} Ne2
{[%clk 0:17:47]} 29. Ba5 {[%clk 0:28:42]} Nf4 {[%clk 0:17:30]} 30. Re1
{[%clk 0:24:16]} f6 {[%clk 0:15:54]} 31. Re4 {[%clk 0:23:07]} g5 {[%clk 0:15:40]}
32. Rxf4 {[%clk 0:21:28]} exf4 {[%clk 0:15:39]} 33. Rxe6 {[%clk 0:21:52]} Kg7
{[%clk 0:15:07]} 34. c4 {[%clk 0:21:51]} Rh8 {[%clk 0:13:59]} 35. Bc3
{[%clk 0:21:41]} Rbf8 {[%clk 0:14:20]} 36. Bd5 {[%clk 0:21:23]} Rhg8
{[%clk 0:13:38]} 37. Re7+ {[%clk 0:21:13]} 1-0

[Event "MPJ_D16"]
[Site "?"]
[Date "2016.03.17"]
[Round "6.12"]
[White "Leczek, Weronika"]
[Black "Przepiora, Anna"]
[Result "1-0"]
[BlackElo "1243"]
[WhiteElo "1766"]
[LiveChessVersion "1.4.8"]

1. e4 {[%clk 1:30:58]} c5 {[%clk 1:30:53]} 2. Nf3 {[%clk 1:31:23]} Nc6
{[%clk 1:31:09]} 3. d4 {[%clk 1:31:48]} cxd4 {[%clk 1:31:31]} 4. Nxd4
{[%clk 1:32:14]} g6 {[%clk 1:31:43]} 5. Nc3 {[%clk 1:32:29]} Bg7 {[%clk 1:32:05]}
6. Be3 {[%clk 1:32:52]} Nf6 {[%clk 1:32:24]} 7. f3 {[%clk 1:32:37]} O-O
{[%clk 1:32:46]} 8. g4 {[%clk 1:32:39]} d5 {[%clk 1:31:47]} 9. g5
{[%clk 1:31:24]} Ne8 {[%clk 1:21:34]} 10. exd5 {[%clk 1:22:05]} Nxd4
{[%clk 1:19:27]} 11. Bxd4 {[%clk 1:22:18]} Bxd4 {[%clk 1:15:32]} 12. Qxd4
{[%clk 1:22:37]} e6 {[%clk 1:15:34]} 13. f4 {[%clk 1:18:03]} exd5
{[%clk 1:07:20]} 14. Nxd5 {[%clk 1:13:51]} Bf5 {[%clk 0:56:06]} 15. O-O-O
{[%clk 1:08:21]} Be6 {[%clk 0:50:39]} 16. Bg2 {[%clk 1:05:55]} Bxd5
{[%clk 0:49:38]} 17. Bxd5 {[%clk 1:05:22]} Qc7 {[%clk 0:48:11]} 18. Rd3
{[%clk 0:57:00]} Ng7 {[%clk 0:41:03]} 19. Rc3 {[%clk 0:52:03]} Qd7
{[%clk 0:36:51]} 20. Rd1 {[%clk 0:49:45]} Nf5 {[%clk 0:35:31]} 21. Qb4
{[%clk 0:45:10]} Rab8 {[%clk 0:28:02]} 22. Bb3 {[%clk 0:42:21]} Qe8
{[%clk 0:24:38]} 23. Rc7 {[%clk 0:40:45]} Rd8 {[%clk 0:22:50]} 24. Re1
{[%clk 0:36:35]} Ne3 {[%clk 0:18:18]} 25. Re7 {[%clk 0:35:30]} a5
{[%clk 0:15:07]} 26. Rxe8 {[%clk 0:34:35]} axb4 {[%clk 0:15:30]} 27. Rxf8+
{[%clk 0:34:57]} Rxf8 {[%clk 0:15:52]} 28. Rxe3 {[%clk 0:35:21]} 1-0

[Event "MPJ_D16"]
[Site "?"]
[Date "2016.03.17"]
[Round "6.13"]
[White "Kwiatkowska, Agnieszka"]
[Black "Surpeta, Julia"]
[Result "1/2-1/2"]
[BlackElo "1339"]
[WhiteElo "1643"]
[LiveChessVersion "1.4.8"]

1. e4 {[%clk 1:30:59]} e6 {[%clk 1:30:50]} 2. d4 {[%clk 1:31:22]} d5
{[%clk 1:31:02]} 3. exd5 {[%clk 1:31:42]} exd5 {[%clk 1:31:27]} 4. Bd3
{[%clk 1:32:04]} Nc6 {[%clk 1:30:43]} 5. c3 {[%clk 1:32:27]} Bd6 {[%clk 1:30:17]}
6. h3 {[%clk 1:32:48]} Nge7 {[%clk 1:29:57]} 7. Qf3 {[%clk 1:32:50]} Be6
{[%clk 1:27:01]} 8. Ne2 {[%clk 1:33:01]} f6 {[%clk 1:26:51]} 9. Bf4
{[%clk 1:32:21]} g5 {[%clk 1:25:53]} 10. Bxd6 {[%clk 1:32:23]} Qxd6
{[%clk 1:25:04]} 11. Qxf6 {[%clk 1:24:23]} O-O-O {[%clk 1:23:48]} 12. Qf3
{[%clk 1:23:25]} Rdg8 {[%clk 1:19:46]} 13. Qg3 {[%clk 1:23:37]} Qd7
{[%clk 1:20:07]} 14. Nd2 {[%clk 1:23:24]} h5 {[%clk 1:20:05]} 15. O-O-O
{[%clk 1:22:24]} h4 {[%clk 1:19:00]} 16. Qh2 {[%clk 1:22:39]} Na5
{[%clk 1:15:25]} 17. Rde1 {[%clk 1:14:55]} Rh6 {[%clk 1:05:06]} 18. Nf3
{[%clk 1:11:35]} Qa4 {[%clk 1:00:24]} 19. Kb1 {[%clk 1:09:22]} Nec6
{[%clk 0:53:37]} 20. Nc1 {[%clk 1:03:07]} Nc4 {[%clk 0:50:05]} 21. Ka1
{[%clk 0:17:59]} Nd6 {[%clk 0:47:31]} 22. Rxe6 {[%clk 0:16:48]} Rxe6
{[%clk 0:47:36]} 23. Ne5 {[%clk 0:04:31]} Ne7 {[%clk 0:43:57]} 24. Nb3
{[%clk 0:02:49]} Qe8 {[%clk 0:41:31]} 25. Nc5 {[%clk 0:01:41]} Rf6
{[%clk 0:39:17]} 26. Ng4 {[%clk 0:01:55]} Rff8 {[%clk 0:31:02]} 27. Ne6
{[%clk 0:02:23]} Rf7 {[%clk 0:30:30]} 28. Nh6 {[%clk 0:02:49]} Rxf2
{[%clk 0:30:17]} 29. Nxg8 {[%clk 0:03:15]} Qxg8 {[%clk 0:30:33]} 30. Nc5
{[%clk 0:03:18]} Rd2 {[%clk 0:28:22]} 31. Qe5 {[%clk 0:02:13]} Nc6
{[%clk 0:27:19]} 32. Qh2 {[%clk 0:01:40]} Kb8 {[%clk 0:25:36]} 33. Bb1
{[%clk 0:01:58]} b6 {[%clk 0:25:02]} 34. Nb3 {[%clk 0:02:19]} Re2
{[%clk 0:25:19]} 35. Bd3 {[%clk 0:01:58]} Re3 {[%clk 0:24:35]} 36. Rd1
{[%clk 0:02:26]} Qf7 {[%clk 0:24:23]} 37. Qg1 {[%clk 0:02:20]} Re8
{[%clk 0:22:48]} 38. Nd2 {[%clk 0:01:39]} Kb7 {[%clk 0:21:46]} 39. Nf3
{[%clk 0:01:33]} Qh5 {[%clk 0:18:26]} 40. Re1 {[%clk 0:31:35]} Ne4
{[%clk 0:46:36]} 41. Bb5 {[%clk 0:27:35]} Re6 {[%clk 0:41:28]} 42. Bd3
{[%clk 0:20:30]} g4 {[%clk 0:39:54]} 43. Bxe4 {[%clk 0:19:05]} Rxe4
{[%clk 0:39:15]} 44. hxg4 {[%clk 0:17:39]} Qxg4 {[%clk 0:37:52]} 45. a3
{[%clk 0:16:58]} 1/2-1/2

[Event "MPJ_D16"]
[Site "?"]
[Date "2016.03.17"]
[Round "6.14"]
[White "Trembowiecka-wysota, Aleksandra"]
[Black "Jurkiewicz, Zuzanna"]
[Result "1/2-1/2"]
[BlackElo "1632"]
[WhiteElo "1503"]
[LiveChessVersion "1.4.8"]

1. c4 {[%clk 1:30:56]} e5 {[%clk 1:30:18]} 2. Nc3 {[%clk 1:31:18]} Nf6
{[%clk 1:29:28]} 3. g3 {[%clk 1:31:41]} Bc5 {[%clk 1:29:07]} 4. Bg2
{[%clk 1:31:42]} d6 {[%clk 1:27:32]} 5. e3 {[%clk 1:32:02]} O-O {[%clk 1:24:55]}
6. Nge2 {[%clk 1:32:23]} Nc6 {[%clk 1:21:50]} 7. O-O {[%clk 1:32:17]} Bb6
{[%clk 1:17:02]} 8. d4 {[%clk 1:31:36]} Ne7 {[%clk 1:13:54]} 9. e4
{[%clk 1:18:39]} Ng6 {[%clk 1:02:48]} 10. Bg5 {[%clk 1:14:30]} c6
{[%clk 0:55:33]} 11. d5 {[%clk 1:04:01]} h6 {[%clk 0:52:41]} 12. Bxf6
{[%clk 0:59:22]} Qxf6 {[%clk 0:52:44]} 13. dxc6 {[%clk 0:59:40]} bxc6
{[%clk 0:52:56]} 14. Qa4 {[%clk 0:58:21]} Bd7 {[%clk 0:42:44]} 15. Rad1
{[%clk 0:57:45]} Rfd8 {[%clk 0:41:09]} 16. b4 {[%clk 0:55:58]} Rac8
{[%clk 0:39:21]} 17. Qb3 {[%clk 0:49:16]} Bg4 {[%clk 0:34:31]} 18. b5
{[%clk 0:42:23]} Bd4 {[%clk 0:25:20]} 19. Rd2 {[%clk 0:39:23]} Bf3
{[%clk 0:19:46]} 20. Bxf3 {[%clk 0:37:31]} Qxf3 {[%clk 0:18:40]} 21. Nxd4
{[%clk 0:37:20]} exd4 {[%clk 0:18:38]} 22. Rxd4 {[%clk 0:37:37]} Nf4
{[%clk 0:15:12]} 23. gxf4 {[%clk 0:37:56]} Qg4+ {[%clk 0:15:36]} 24. Kh1
{[%clk 0:38:20]} Qf3+ {[%clk 0:16:01]} 25. Kg1 {[%clk 0:38:46]} Qg4+
{[%clk 0:16:24]} 26. Kh1 {[%clk 0:39:11]} Qf3+ {[%clk 0:16:46]} 27. Kg1
{[%clk 0:39:35]} Qg4+ {[%clk 0:17:09]} 28. Kh1 {[%clk 0:40:02]} Qf3+
{[%clk 0:17:29]} 29. Kg1 1/2-1/2

[Event "MPJ_D16"]
[Site "?"]
[Date "2016.03.17"]
[Round "6.15"]
[White "Pedrak, Paulina"]
[Black "Borkowska, Zuzanna"]
[Result "1/2-1/2"]
[BlackElo "1465"]
[WhiteElo "1610"]
[LiveChessVersion "1.4.8"]

1. e4 {[%clk 1:30:58]} c5 {[%clk 1:30:56]} 2. Nf3 {[%clk 1:31:17]} g6
{[%clk 1:31:20]} 3. d4 {[%clk 1:30:59]} Bg7 {[%clk 1:31:42]} 4. Nc3
{[%clk 1:27:13]} Nc6 {[%clk 1:30:56]} 5. Ne2 {[%clk 1:18:52]} Nf6
{[%clk 1:29:20]} 6. d5 {[%clk 1:16:17]} Nb8 {[%clk 1:23:44]} 7. Ng3
{[%clk 1:15:02]} d6 {[%clk 1:21:37]} 8. Be2 {[%clk 1:08:29]} O-O {[%clk 1:21:05]}
9. c3 {[%clk 1:07:03]} Na6 {[%clk 1:19:57]} 10. Bxa6 {[%clk 1:06:35]} bxa6
{[%clk 1:19:24]} 11. O-O {[%clk 1:05:23]} Bg4 {[%clk 1:18:33]} 12. h3
{[%clk 1:04:44]} Bxf3 {[%clk 1:17:59]} 13. Qxf3 {[%clk 1:03:33]} Rb8
{[%clk 1:17:56]} 14. h4 {[%clk 1:01:25]} Qd7 {[%clk 1:15:31]} 15. h5
{[%clk 1:00:26]} Qg4 {[%clk 1:15:15]} 16. hxg6 {[%clk 1:00:09]} hxg6
{[%clk 1:13:09]} 17. Qd3 {[%clk 0:59:41]} a5 {[%clk 1:07:26]} 18. Re1
{[%clk 0:57:05]} Nh5 {[%clk 1:04:00]} 19. Nxh5 {[%clk 0:56:01]} gxh5
{[%clk 1:03:47]} 20. Re3 {[%clk 0:55:04]} h4 {[%clk 1:03:36]} 21. Rh3
{[%clk 0:54:27]} f5 {[%clk 1:00:54]} 22. f3 {[%clk 0:52:17]} fxe4
{[%clk 1:00:21]} 23. Qxe4 {[%clk 0:52:09]} Qxe4 {[%clk 1:00:40]} 24. fxe4
{[%clk 0:52:33]} Bf6 {[%clk 1:00:48]} 25. Rb1 {[%clk 0:52:30]} Kh7
{[%clk 0:59:54]} 26. Bd2 {[%clk 0:50:50]} Rg8 {[%clk 0:59:26]} 27. b3
{[%clk 0:50:34]} Rg4 {[%clk 0:57:57]} 28. Re1 {[%clk 0:50:34]} Rbg8
{[%clk 0:57:22]} 29. Re2 {[%clk 0:50:56]} Rg3 {[%clk 0:57:08]} 30. Rxg3
{[%clk 0:50:21]} Rxg3 {[%clk 0:57:14]} 31. c4 {[%clk 0:49:25]} Bc3
{[%clk 0:54:19]} 32. Bf4 {[%clk 0:49:15]} Rg4 {[%clk 0:54:19]} 33. Bh2
{[%clk 0:49:18]} Bd4+ {[%clk 0:53:17]} 34. Kf1 {[%clk 0:49:01]} Kg6
{[%clk 0:51:53]} 35. e5 {[%clk 0:49:01]} dxe5 {[%clk 0:51:29]} 36. Bxe5
{[%clk 0:49:09]} Bxe5 {[%clk 0:48:29]} 37. Rxe5 {[%clk 0:49:30]} Kf7
{[%clk 0:48:49]} 38. Re6 {[%clk 0:49:32]} Rg6 {[%clk 0:49:08]} 39. Re4
{[%clk 0:49:32]} Rh6 {[%clk 0:49:05]} 40. Kg1 {[%clk 1:19:26]} h3
{[%clk 1:17:15]} 41. g3 {[%clk 1:19:15]} h2+ {[%clk 1:15:55]} 42. Kh1
{[%clk 1:19:39]} Rh3 {[%clk 1:15:37]} 43. Re6 {[%clk 1:19:20]} a4
{[%clk 1:12:55]} 44. Re3 {[%clk 1:18:45]} axb3 {[%clk 1:12:03]} 45. Rxb3
{[%clk 1:16:26]} e5 {[%clk 1:07:37]} 46. Rb7+ {[%clk 1:13:43]} Ke8
{[%clk 1:07:57]} 47. Rxa7 {[%clk 1:14:03]} Rxg3 {[%clk 1:08:04]} 48. Kxh2
{[%clk 1:14:15]} Rc3 {[%clk 1:05:06]} 49. Ra4 {[%clk 1:13:53]} e4
{[%clk 1:04:00]} 50. Kg2 {[%clk 1:14:09]} Rc2+ {[%clk 1:04:07]} 51. Kf1
{[%clk 1:14:34]} Kd7 {[%clk 1:03:58]} 52. Ra7+ {[%clk 1:14:03]} Kd6
{[%clk 1:04:20]} 53. Ra6+ {[%clk 1:14:06]} Ke5 {[%clk 1:04:07]} 54. Re6+
{[%clk 1:14:25]} Kf5 {[%clk 1:03:51]} 55. Re7 {[%clk 1:13:34]} Rxc4
{[%clk 1:03:46]} 56. d6 {[%clk 1:13:38]} Rd4 {[%clk 1:03:36]} 57. Rc7
{[%clk 1:12:44]} Rxd6 {[%clk 1:02:14]} 58. Rxc5+ {[%clk 1:13:07]} Kf4
{[%clk 1:02:38]} 59. Ke2 {[%clk 1:13:32]} Ra6 {[%clk 1:02:01]} 60. Rc2
{[%clk 1:12:49]} Ra4 {[%clk 1:02:09]} 61. Kf2 {[%clk 1:12:42]} e3+
{[%clk 1:02:03]} 62. Ke2 {[%clk 1:13:05]} Ke4 {[%clk 1:02:19]} 63. Rb2
{[%clk 1:13:22]} Kd4 {[%clk 1:02:28]} 64. Rc2 {[%clk 1:13:45]} Ra3
{[%clk 1:02:24]} 65. Rb2 1/2-1/2

[Event "MPJ_D16"]
[Site "?"]
[Date "2016.03.17"]
[Round "6.16"]
[White "Waszkowiak, Kinga"]
[Black "Zamarska, Sylwia"]
[Result "0-1"]
[BlackElo "1605"]
[WhiteElo "1044"]
[LiveChessVersion "1.4.8"]

1. e4 {[%clk 1:30:58]} c5 {[%clk 1:30:46]} 2. Nf3 {[%clk 1:31:14]} Nc6
{[%clk 1:31:03]} 3. d4 {[%clk 1:31:26]} cxd4 {[%clk 1:31:15]} 4. Nxd4
{[%clk 1:31:47]} Nf6 {[%clk 1:31:19]} 5. Nc3 {[%clk 1:32:09]} e5 {[%clk 1:30:53]}
6. Nf5 {[%clk 1:32:17]} d5 {[%clk 1:24:02]} 7. exd5 {[%clk 1:32:08]} Bxf5
{[%clk 1:21:52]} 8. dxc6 {[%clk 1:31:56]} bxc6 {[%clk 1:19:20]} 9. Qf3
{[%clk 1:31:36]} Qd7 {[%clk 1:12:00]} 10. Bc4 {[%clk 1:29:03]} Bb4
{[%clk 0:57:58]} 11. O-O {[%clk 1:17:38]} O-O {[%clk 0:51:53]} 12. Rd1
{[%clk 1:15:05]} Qc8 {[%clk 0:48:44]} 13. Re1 {[%clk 1:09:35]} Re8
{[%clk 0:37:32]} 14. a3 {[%clk 1:02:40]} Ba5 {[%clk 0:36:35]} 15. b4
{[%clk 1:00:27]} Bb6 {[%clk 0:35:41]} 16. Bb3 {[%clk 0:50:41]} h6
{[%clk 0:29:58]} 17. Be3 {[%clk 0:45:40]} Bg4 {[%clk 0:27:19]} 18. Qg3
{[%clk 0:38:57]} Nh5 {[%clk 0:26:49]} 19. Qh4 {[%clk 0:39:06]} Bd8
{[%clk 0:26:13]} 20. Qxh5 {[%clk 0:33:38]} Bxh5 {[%clk 0:26:23]} 21. Ne4
{[%clk 0:33:44]} Be7 {[%clk 0:22:57]} 22. f3 {[%clk 0:34:06]} Bg6
{[%clk 0:22:41]} 23. Rad1 {[%clk 0:34:24]} Bxe4 {[%clk 0:22:44]} 24. fxe4
{[%clk 0:34:49]} Rd8 {[%clk 0:22:37]} 25. Rc1 {[%clk 0:34:38]} Bg5
{[%clk 0:18:58]} 26. Bxg5 {[%clk 0:34:42]} hxg5 {[%clk 0:19:22]} 27. Rf1
{[%clk 0:35:07]} Rf8 {[%clk 0:19:21]} 28. Rf2 {[%clk 0:35:24]} Kh8
{[%clk 0:18:46]} 29. Rcf1 {[%clk 0:35:08]} f6 {[%clk 0:18:29]} 30. Rf3
{[%clk 0:35:05]} g6 {[%clk 0:16:35]} 31. Rxf6 {[%clk 0:34:36]} Rxf6
{[%clk 0:17:00]} 32. Rxf6 {[%clk 0:35:02]} Qd8 {[%clk 0:16:45]} 33. Rf1
{[%clk 0:34:18]} Qd4+ {[%clk 0:16:30]} 34. Kh1 {[%clk 0:34:38]} Qxe4
{[%clk 0:16:23]} 0-1

[Event "MPJ_D16"]
[Site "?"]
[Date "2016.03.17"]
[Round "6.17"]
[White "Guzik, Natalia"]
[Black "Samujlo, Agnieszka"]
[Result "1-0"]
[BlackElo "1637"]
[WhiteElo "1619"]
[LiveChessVersion "1.4.8"]

1. d4 {[%clk 1:30:57]} Nf6 {[%clk 1:19:03]} 2. Nf3 {[%clk 1:30:58]} e6
{[%clk 1:19:17]} 3. e3 {[%clk 1:30:54]} Nc6 {[%clk 1:17:01]} 4. c4
{[%clk 1:30:31]} Bb4+ {[%clk 1:15:11]} 5. Bd2 {[%clk 1:28:46]} Bxd2+
{[%clk 1:14:56]} 6. Nbxd2 {[%clk 1:28:28]} d6 {[%clk 1:14:36]} 7. Rc1
{[%clk 1:21:14]} Bd7 {[%clk 1:12:18]} 8. a3 {[%clk 1:21:14]} Ne7 {[%clk 1:10:32]}
9. Bd3 {[%clk 1:15:12]} O-O {[%clk 1:08:45]} 10. e4 {[%clk 1:11:01]} Ng6
{[%clk 1:04:52]} 11. e5 {[%clk 0:59:37]} dxe5 {[%clk 1:04:14]} 12. dxe5
{[%clk 0:59:48]} Ne8 {[%clk 1:03:03]} 13. Qc2 {[%clk 0:57:32]} Bc6
{[%clk 0:59:01]} 14. h4 {[%clk 0:51:34]} f5 {[%clk 0:50:43]} 15. exf6
{[%clk 0:45:48]} Rxf6 {[%clk 0:48:39]} 16. h5 {[%clk 0:32:54]} Nf8
{[%clk 0:46:56]} 17. Ng5 {[%clk 0:18:47]} Rh6 {[%clk 0:42:50]} 18. Nge4
{[%clk 0:16:44]} Bxe4 {[%clk 0:42:01]} 19. Nxe4 {[%clk 0:16:47]} Nf6
{[%clk 0:41:03]} 20. Qe2 {[%clk 0:14:48]} Nxe4 {[%clk 0:39:48]} 21. Bxe4
{[%clk 0:14:58]} c6 {[%clk 0:38:47]} 22. Rd1 {[%clk 0:14:40]} Qa5+
{[%clk 0:37:21]} 23. Qd2 {[%clk 0:13:59]} Qxd2+ {[%clk 0:37:19]} 24. Rxd2
{[%clk 0:14:15]} g5 {[%clk 0:35:54]} 25. Ke2 {[%clk 0:11:40]} Rf6
{[%clk 0:34:03]} 26. Rhd1 {[%clk 0:10:16]} h6 {[%clk 0:32:31]} 27. b4
{[%clk 0:09:23]} Kg7 {[%clk 0:31:23]} 28. a4 {[%clk 0:09:08]} Rf7
{[%clk 0:30:56]} 29. Ke3 {[%clk 0:08:26]} Rc8 {[%clk 0:29:53]} 30. Rd6
{[%clk 0:08:02]} Rcc7 {[%clk 0:29:25]} 31. f3 {[%clk 0:07:26]} Rcd7
{[%clk 0:26:09]} 32. b5 {[%clk 0:07:30]} Rxd6 {[%clk 0:20:34]} 33. Rxd6
{[%clk 0:07:48]} cxb5 {[%clk 0:20:56]} 34. axb5 {[%clk 0:07:48]} Rc7
{[%clk 0:19:15]} 35. Kd4 {[%clk 0:07:56]} Kf6 {[%clk 0:17:46]} 36. b6
{[%clk 0:07:27]} axb6 {[%clk 0:13:43]} 37. Rxb6 {[%clk 0:07:54]} Rd7+
{[%clk 0:13:06]} 38. Ke3 {[%clk 0:04:50]} Rc7 {[%clk 0:10:32]} 39. Kd4
{[%clk 0:05:02]} Rd7+ {[%clk 0:09:30]} 40. Kc3 {[%clk 0:35:06]} Ke5
{[%clk 0:38:43]} 41. Bxb7 {[%clk 0:32:34]} Rc7 {[%clk 0:37:48]} 42. Rb5+
{[%clk 0:28:51]} Kf4 {[%clk 0:36:40]} 43. g4 {[%clk 0:25:44]} Nd7
{[%clk 0:35:28]} 44. Kd4 {[%clk 0:25:25]} e5+ {[%clk 0:26:42]} 45. Kd5
{[%clk 0:14:17]} Nf6+ {[%clk 0:24:26]} 46. Ke6 {[%clk 0:14:10]} Ne8
{[%clk 0:23:35]} 47. c5 {[%clk 0:11:44]} Ng7+ {[%clk 0:19:00]} 48. Kd6
{[%clk 0:11:10]} Ne8+ {[%clk 0:18:57]} 49. Ke6 {[%clk 0:09:59]} Ng7+
{[%clk 0:17:41]} 50. Kf6 {[%clk 0:09:35]} Ne8+ {[%clk 0:17:35]} 51. Kg6
{[%clk 0:09:20]} Ke3 {[%clk 0:17:30]} 52. Kxh6 {[%clk 0:09:07]} Kd4
{[%clk 0:17:16]} 53. Kxg5 {[%clk 0:08:38]} 1-0